| 000 | 02636nam0a2200421 4500 | ||
|---|---|---|---|
| 001 | RU\NLR\bibl\1043093 | ||
| 005 | 20260405104246.0 | ||
| 010 |
_z978-5-469-01451-5 _93000 |
||
| 021 |
_aRU _b2006-84391 _94274 |
||
| 035 | _a(nilc)RSL-KNO-003013789 | ||
| 035 | _a(NLR Aleph) 001030480 | ||
| 090 |
_a755361 _c755361 |
||
| 100 | _a20061222d2007 |||y0rusy50 ca | ||
| 101 | 0 | _arus | |
| 102 | _aRU | ||
| 105 | _ay ||||||||| | ||
| 106 | _ar | ||
| 200 | 1 |
_aАрхитектура вычислительных систем и компьютерных сетей _eучебное пособие для студентов высших учебных заведений, обучающихся по направлению и специальности "Прикладная математика и информатика" (010200 и по направлению "Прикладная математика и информатика (510200) _fА. Н. Степанов |
|
| 210 |
_aМосква [и др.] _cПитер _d2007 [т.е. 2006] _eСПб. _gПечатный двор им. А. М. Горького |
||
| 215 |
_a508 с. _d24 |
||
| 225 | 1 | _aУчебное пособие | |
| 300 | _aКн. фактически изд. в 2006 г. | ||
| 300 | _aНа тит.л.: Издательская программа 300 лучших учебников для высшей школы | ||
| 320 | _aБиблиогр.: с. 493-495 | ||
| 320 | _aАлф. указ.: с. 496-508 | ||
| 606 | 1 |
_aВычислительные системы _jУчебные издания для высших учебных заведений _xАрхитектура _91319876 _3RU\NLR\auth\66232320 |
|
| 606 | 1 |
_aВычислительные сети _jУчебные издания для высших учебных заведений _xАрхитектура _92225657 _3RU\NLR\auth\661336132 |
|
| 610 | 0 | _aВычислительная техника -- Вычислительные машины электронные цифровые -- Вычислительные системы и сети -- Проектирование. Архитектура -- Учебник для высшей школы | |
| 686 |
_aЗ973.202-02я73-1 _2rubbk |
||
| 686 | _aЗ988.02-02я73-1 | ||
| 686 | _aЗ973.202-02я73-1 | ||
| 700 | 1 |
_4070 _8rus _7ca _aСтепанов _bА. Н. _cд-р физ.-мат. наук, информатика _f1949- _gАнатолий Николаевич _3RU\NLR\auth\7739783 _922746 |
|
| 801 | 0 |
_aRU _bРКП _c20061222 _grcr |
|
| 801 | 1 |
_aRU _bРГБ _c20061222 |
|
| 801 | 2 |
_aRU _bNLR _c20070209 _grcr |
|
| 942 | _cBOOK | ||
| 980 | _aNB | ||